• 首页
  • 本馆介绍
  • 公告通知
  • 最新文献
  • 馆藏检索
  • 电子资源
  • 读者导购
  • 参考咨询
  • 我的图书馆
  • 登录
  • 详细信息显示
  • 放入我的书架
  • 预约/预借图书
  • 作者相关作品
  • 分类相关作品
  • 丛书相关作品
  • 出版社相关作品

书目信息

  • 表格格式
  • 工作单格式
  • 卡片格式
题名:
正常人体结构基础
    
 
作者: 于叔杰 主编
分册:  
出版信息: 重庆   重庆大学出版社  2008
页数: 245页
开本: 26cm
丛书名:
单 册:
中图分类: R322 , Q983
科图分类:
主题词: 人体解剖学--中等专业教育--教材 , 体质人类学
电子资源:
ISBN: 978-7-5624-3735-2
000 00883nam0 2200253 450
001 1556264947
005 20150119153945.20
010    @a978-7-5624-3735-2@dCNY30.00
100    @a20130521e20132008em y0chiy50 ea
101 0  @achi
102    @aCN@b110000
105    @aa z 000yy
200 1  @a正常人体结构基础@Azheng chang ren ti jie gou ji chu@9jie pou xue ji chu@f于叔杰主编
210    @a重庆@c重庆大学出版社@d2008@h2013重印
215    @a245页@c图@d26cm
300    @a中等卫生职业教育护理专业系列教材 (供护理、助产、医学检验、药剂等专业用)
330    @a本书共13章,每章前的“教学内容与要求”按照了解、理解、掌握3级分层次列出学习目标,章后还设置有“思考与探究”。
606 0  @a人体解剖学@x中等专业教育@j教材
606 0  @a体质人类学
690    @aR322@v5
690    @aQ983@v4
701  0 @a于叔杰@9yu shu jie@4主编
801  0 @aCN@bTSSF@c20150119
905    @aZUCC@dQ983@eJY20
    
    正常人体结构基础/于叔杰主编.-重庆:重庆大学出版社,2008(2013重印)
    245页:图;26cm
    中等卫生职业教育护理专业系列教材 (供护理、助产、医学检验、药剂等专业用)
    
    ISBN 978-7-5624-3735-2:CNY30.00
    本书共13章,每章前的“教学内容与要求”按照了解、理解、掌握3级分层次列出学习目标,章后还设置有“思考与探究”。
●
相关链接 在E读中查询图书 在五车中查询图书 在当当中查询图书 在豆瓣中查询图书


正题名:正常人体结构基础     索取号:Q983/JY20         预约/预借

序号 登录号 条形码 馆藏地/架位号 状态 备注
1 7847966   278479665   学院路分馆/ [索取号:Q983/JY20] 在馆    
2 7847967   278479674   学院路分馆/ [索取号:Q983/JY20] 在馆    
唐山师范学院图书馆 欢迎您!
大连网信软件有限公司© 版权所有